Caravaggio (Record no. 44795)

MARC details
000 -Etiqueta do registo
Valores 00509nam a2200181 4500
100 ## - Dados gerais de processamento
Dados gerais 20250919 pory50
101 ## - Língua de publicação
Língua por
-- it
102 ## - País de publicação
País PT
200 ## - Titulo e menção de responsabilidade
Título próprio Caravaggio
Informação de outro título a alma e o sangue
Primeira menção de responsabilidade realiz. Jesus Garcés Lambert
Outras menções de responsabilidade arg. Aline Bardedella , Francesco Invernizzi
210 ## - Publicação
Local de publicação Itália
Nome do editor Festa do Cinema Italiano .com
Data de publicação 2019
215 ## - Descrição física 
Paginação / Volumes 1 DVD
225 ## - Colecção 
Título próprio da colecção Festa do Cinema Italiano
Indicação de volume 6
300 ## - Notas gerais 
Texto da nota M/12<br/>90 m.
675 ## - CDU
Notação 7
801 ## - Fonte de origem
País PT
Regras de catalogação RPC
990 ## - Elementos KOHA
Tipo de documento Filme DVD
Holdings
Aquisição Empréstimo Código de barras Cota Permissão de empréstimo Tipo de documento Nota relativa ao exemplar
Biblioteca Escolar Doutor Hernâni Cidade Biblioteca Escolar Doutor Hernâni Cidade 80945 DOC ART LAM   Filme DVD 482 Documentário sobre o pintor italiano Caravaggio

Powered by Koha